[Event "NB II. Erkel csoport"]
[Site "Szada"]
[Date "2023.10.08"]
[Round "1.4"]
[White "Sillye, Kalman"]
[Black "Baski, Barnabas"]
[Result "0-1"]
[WhiteElo "2032"]
[BlackElo "2170"]
[PlyCount "124"]
[EventDate "2023.10.08"]
[EventType "team-tourn"]
[EventRounds "9"]
[EventCountry "HUN"]
[Source "chess.hu"]
[WhiteTeam "Godolloi SBE"]
[BlackTeam "Dunaharaszti MTK II."]
[WhiteTeamCountry "HUN"]
[BlackTeamCountry "HUN"]

1. d4 Nf6 2. Nf3 b6 3. Bf4 Bb7 4. Nbd2 g6 5. h3 Bg7 6. e3 O-O 7. Be2 d6 8. Bh2
Nbd7 9. O-O Re8 10. c3 e5 11. Bc4 e4 12. Ne1 Nf8 13. Nc2 h5 14. a4 a6 15. Na3
Qd7 16. b4 h4 17. Be2 Qe7 18. Qb3 g5 19. Rfc1 Ng6 20. Qd1 Bc8 21. b5 a5 22. c4
Bf5 23. Nb3 Rac8 24. Ra2 Qd7 25. c5 d5 26. Rac2 Nf8 27. Nb1 Ne6 28. N1d2 Kh7
29. Be5 Ng8 30. Bh2 Ne7 31. Bg4 Bxg4 32. Qxg4 Kg6 33. Qd1 f5 34. cxb6 cxb6 35.
Rxc8 Rxc8 36. Rxc8 Qxc8 37. Qc1 Qxc1+ 38. Nxc1 f4 39. Kf1 Kf5 40. Ke2 Nc8 41.
Ncb3 Bf8 42. f3 Bd6 43. Bg1 exf3+ 44. Kxf3 fxe3 45. Bxe3 Bf4 46. Nf1 Nd6 47.
Nbd2 Ne4 48. Nxe4 dxe4+ 49. Ke2 Nc7 50. Bd2 Nd5 51. Ne3+ Bxe3 52. Bxe3 g4 53.
Bd2 gxh3 54. gxh3 Nf4+ 55. Ke3 Nd3 56. Bc3 Nb4 57. Bd2 Nc2+ 58. Kf2 Nxd4 59.
Be3 Ke5 60. Bg5 Kd5 61. Bxh4 e3+ 62. Ke1 Nf3+ 0-1

[Event "NB II. Erkel csoport"]
[Site "Szada"]
[Date "2023.10.08"]
[Round "1.5"]
[White "Markos, Adam"]
[Black "Fecske, Csaba"]
[Result "1/2-1/2"]
[WhiteElo "2100"]
[BlackElo "1951"]
[PlyCount "52"]
[EventDate "2023.10.08"]
[EventType "team-tourn"]
[EventRounds "9"]
[EventCountry "HUN"]
[Source "chess.hu"]
[WhiteTeam "Dunaharaszti MTK II."]
[BlackTeam "Godolloi SBE"]
[WhiteTeamCountry "HUN"]
[BlackTeamCountry "HUN"]

1. e4 c5 2. Nf3 e6 3. d4 cxd4 4. Nxd4 Nc6 5. Nb5 d6 6. Bf4 e5 7. Be3 a6 8. N5c3
Nf6 9. Be2 Be6 10. O-O Be7 11. Nd5 O-O 12. Bb6 Qd7 13. f3 Bxd5 14. exd5 Bd8 15.
Bf2 Ne7 16. c4 Nc8 17. Qb3 Rb8 18. Nc3 Ba5 19. a4 Qc7 20. Qa3 Bb6 21. a5 Bxf2+
22. Rxf2 Ne7 23. Bd3 Rfc8 24. b4 h6 25. Na4 Nd7 26. Rc2 Rd8 1/2-1/2

[Event "NB II. Erkel csoport"]
[Site "Szada"]
[Date "2023.10.08"]
[Round "1.6"]
[White "Papp, Lorinc"]
[Black "Szekeres, Tibor"]
[Result "0-1"]
[WhiteElo "1927"]
[BlackElo "2010"]
[PlyCount "120"]
[EventDate "2023.10.08"]
[EventType "team-tourn"]
[EventRounds "9"]
[EventCountry "HUN"]
[Source "chess.hu"]
[WhiteTeam "Godolloi SBE"]
[BlackTeam "Dunaharaszti MTK II."]
[WhiteTeamCountry "HUN"]
[BlackTeamCountry "HUN"]

1. e4 c5 2. c3 Nf6 3. e5 Nd5 4. Nf3 e6 5. d4 cxd4 6. cxd4 Bb4+ 7. Bd2 Qa5 8.
Bxb4 Qxb4+ 9. Qd2 Nc6 10. Nc3 Nxc3 11. bxc3 Qe7 12. Bd3 d6 13. exd6 Qxd6 14.
Qg5 Kf8 15. O-O h6 16. Qe3 g6 17. Rfe1 Kg7 18. Nd2 Rd8 19. Ne4 Qd5 20. Bc2 e5
21. dxe5 Qxe5 22. Bb3 Na5 23. Qc5 Qxc5 24. Nxc5 b6 25. Ne4 Bb7 26. f3 Rd3 27.
Rad1 Bxe4 28. Rxe4 Rad8 29. Rd4 R8xd4 30. cxd4 Rxd1+ 31. Bxd1 Kf6 32. Kf2 Ke6
33. Ke2 g5 34. g4 f5 35. Kd3 b5 36. Kc3 fxg4 37. fxg4 Nc6 38. Bf3 Kd6 39. a3 a5
40. Bd1 Ne7 41. Be2 Nd5+ 42. Kb3 a4+ 43. Kb2 b4 44. Bb5 bxa3+ 45. Kxa3 Ne3 46.
Kxa4 Kd5 47. Bd7 Kxd4 48. Kb4 Nf1 49. h3 Ne3 50. Kb3 Nd5 51. Kc2 Ke3 52. Kd1
Kf2 53. Kd2 Nf4 54. Bc8 Nxh3 55. Kd3 Kf3 56. Kd4 Kf4 57. Kd5 Nf2 58. Ke6 Nxg4
59. Kf7 h5 60. Kg6 h4 0-1

[Event "NB II. Erkel csoport"]
[Site "Szada"]
[Date "2023.10.08"]
[Round "1.7"]
[White "Szollosi, Laszlo"]
[Black "Ruttkay, Peter"]
[Result "1-0"]
[WhiteElo "2046"]
[BlackElo "1982"]
[PlyCount "123"]
[EventDate "2023.10.08"]
[EventType "team-tourn"]
[EventRounds "9"]
[EventCountry "HUN"]
[Source "chess.hu"]
[WhiteTeam "Dunaharaszti MTK II."]
[BlackTeam "Godolloi SBE"]
[WhiteTeamCountry "HUN"]
[BlackTeamCountry "HUN"]

1. d4 g6 2. e4 d6 3. Nf3 Bg7 4. Nc3 c6 5. Be2 Nf6 6. O-O O-O 7. h3 Qc7 8. Bg5
h6 9. Be3 Nbd7 10. Qd2 Kh7 11. Rad1 a6 12. Rfe1 b5 13. a3 Nb6 14. b3 Nfd7 15.
Bf1 Bb7 16. Ne2 c5 17. d5 Rad8 18. Ng3 Bc8 19. c4 bxc4 20. bxc4 Ne5 21. Nxe5
Bxe5 22. Bxh6 Rg8 23. Bf4 Bd4 24. Rb1 Na4 25. Ne2 Bf6 26. Rb3 Bd7 27. Reb1 Rb8
28. Qc2 Nb6 29. Nc3 Rb7 30. Bd2 Rgb8 31. Qd3 Na4 32. Ne2 Rxb3 33. Rxb3 Rxb3 34.
Qxb3 Qb6 35. Qxb6 Nxb6 36. Nc1 Bb2 37. Nb3 Bxa3 38. Ba5 Nc8 39. Bd3 Ba4 40. Na1
Kg8 41. Nc2 Bb2 42. f4 Kg7 43. Kf2 Bb3 44. Kf3 Ba4 45. Ke2 Bb3 46. Kd2 Ba4 47.
g3 Bd7 48. h4 Kh6 49. Be2 Kh7 50. Kd1 Kg7 51. Ne3 Ba3 52. Kd2 Kh7 53. Kc3 Kg7
54. h5 gxh5 55. Bxh5 Kf8 56. Kb3 Bc1 57. Bg4 Ke8 58. Nf5 e6 59. Ng7+ Ke7 60.
Nh5 exd5 61. Bxd7 dxc4+ 62. Kc2 1-0

[Event "NB II. Erkel csoport"]
[Site "Szada"]
[Date "2023.10.08"]
[Round "1.8"]
[White "Nagy, Daniel"]
[Black "Kovacs, Istvan"]
[Result "0-1"]
[WhiteElo "1812"]
[BlackElo "2067"]
[PlyCount "62"]
[EventDate "2023.10.08"]
[EventType "team-tourn"]
[EventRounds "9"]
[EventCountry "HUN"]
[Source "chess.hu"]
[WhiteTeam "Godolloi SBE"]
[BlackTeam "Dunaharaszti MTK II."]
[WhiteTeamCountry "HUN"]
[BlackTeamCountry "HUN"]

1. d4 Nf6 2. Nf3 e6 3. c4 b6 4. g3 Ba6 5. Qc2 c5 6. Bg2 Nc6 7. a3 cxd4 8. Qa4
Qc8 9. O-O Bb7 10. b4 Be7 11. Rd1 O-O 12. Bb2 d6 13. b5 Na5 14. Nxd4 Bxg2 15.
Kxg2 Qxc4 16. Qxc4 Nxc4 17. Nc6 Rfe8 18. Bc3 d5 19. Nd2 Nxd2 20. Bxd2 Ne4 21.
a4 Bc5 22. f3 Nd6 23. Rab1 a6 24. Bb4 Bxb4 25. Rxb4 axb5 26. axb5 Ra2 27. Kf1
Nc4 28. Rc1 h6 29. e4 Nd2+ 30. Kg1 Nxf3+ 31. Kf1 Nxh2+ 0-1

[Event "NB II. Erkel csoport"]
[Site "Szada"]
[Date "2023.10.08"]
[Round "1.9"]
[White "Fodre, Sandor"]
[Black "Zamodics, Ferenc"]
[Result "1-0"]
[WhiteElo "1948"]
[BlackElo "1774"]
[PlyCount "91"]
[EventDate "2023.10.08"]
[EventType "team-tourn"]
[EventRounds "9"]
[EventCountry "HUN"]
[Source "chess.hu"]
[WhiteTeam "Dunaharaszti MTK II."]
[BlackTeam "Godolloi SBE"]
[WhiteTeamCountry "HUN"]
[BlackTeamCountry "HUN"]

1. e4 c5 2. c3 e6 3. d4 cxd4 4. cxd4 a6 5. Nc3 b5 6. Nf3 Bb7 7. Bd3 Nf6 8. a3
d5 9. e5 Nfd7 10. Ng5 Be7 11. h4 Nc6 12. Qf3 Bxg5 13. Bxg5 Qb6 14. Be3 b4 15.
Ne2 bxa3 16. bxa3 Qa7 17. Qg4 g6 18. h5 O-O-O 19. O-O Rde8 20. Rfc1 Kb8 21.
Rab1 Ka8 22. Rb2 f5 23. exf6 Nxf6 24. Qf4 Nxh5 25. Qd6 Rd8 26. Qxe6 Rhe8 27.
Qf7 Re7 28. Qf3 Red7 29. Bg5 Re8 30. Qg4 Rf7 31. Be3 Ng7 32. Rc5 Rd8 33. Qh4
Ne6 34. Rc1 Re8 35. Rcb1 Rb8 36. Rb6 Rc7 37. Nc3 Rd8 38. Qf6 Bc8 39. Na4 Rf8
40. Qh4 Bb7 41. Qg3 Rb8 42. Qd6 Ncd8 43. Bxa6 Bxa6 44. Rxb8+ Qxb8 45. Rxb8+
Kxb8 46. Qxa6 1-0

[Event "NB II. Erkel csoport"]
[Site "Szada"]
[Date "2023.10.08"]
[Round "1.10"]
[White "Szemelyi, Balazs"]
[Black "Schubert, Gyula"]
[Result "1/2-1/2"]
[WhiteElo "1752"]
[BlackElo "1930"]
[PlyCount "101"]
[EventDate "2023.10.08"]
[EventType "team-tourn"]
[EventRounds "9"]
[EventCountry "HUN"]
[Source "chess.hu"]
[WhiteTeam "Godolloi SBE"]
[BlackTeam "Dunaharaszti MTK II."]
[WhiteTeamCountry "HUN"]
[BlackTeamCountry "HUN"]

1. e4 d6 2. d4 Nf6 3. Nc3 g6 4. Be3 Bg7 5. Qd2 c6 6. f3 b5 7. Bd3 b4 8. Nce2
Qb6 9. a3 bxa3 10. b3 O-O 11. Nc3 Qb4 12. Nb1 c5 13. Rxa3 Qxd2+ 14. Nxd2 cxd4
15. Bxd4 Nc6 16. Be3 Be6 17. Ne2 Rfc8 18. O-O Nb4 19. Rxa7 Rxa7 20. Bxa7 Nxc2
21. Rc1 Ra8 22. Bf2 Nb4 23. Bc4 Ra2 24. Bxe6 fxe6 25. Be3 Nd3 26. Rb1 Nd7 27.
Kf1 Nb4 28. Nc4 Kf7 29. Bd4 Nc5 30. e5 Nb7 31. exd6 exd6 32. Bxg7 Kxg7 33. Rd1
d5 34. Ne5 Kf6 35. Nd3 Nxd3 36. Rxd3 Rb2 37. Nd4 e5 38. Nc6 d4 39. f4 exf4 40.
Rxd4 g5 41. b4 Rc2 42. b5 Rc5 43. Rb4 Ke6 44. Ke2 Kd6 45. Kf3 h5 46. h4 Rc3+
47. Kf2 Rc2+ 48. Kf3 Rc3+ 49. Kf2 Rc2+ 50. Kf3 Rc3+ 51. Kf2 1/2-1/2

[Event "NB II. Erkel csoport"]
[Site "Szada"]
[Date "2023.10.08"]
[Round "1.11"]
[White "Neszmenyi, Zoltan"]
[Black "Veres, Istvan"]
[Result "1-0"]
[WhiteElo "1895"]
[BlackElo "1579"]
[PlyCount "57"]
[EventDate "2023.10.08"]
[EventType "team-tourn"]
[EventRounds "9"]
[EventCountry "HUN"]
[Source "chess.hu"]
[WhiteTeam "Dunaharaszti MTK II."]
[BlackTeam "Godolloi SBE"]
[WhiteTeamCountry "HUN"]
[BlackTeamCountry "HUN"]

1. Nf3 e6 2. c4 Nf6 3. d4 d5 4. Nc3 Bb4 5. e3 c5 6. dxc5 Bxc5 7. cxd5 Nxd5 8.
Nxd5 Qxd5 9. Qxd5 exd5 10. Bd2 O-O 11. Bc3 Nc6 12. O-O-O Be6 13. Ng5 Bb4 14.
Bd3 h6 15. Nxe6 fxe6 16. f3 Bxc3 17. bxc3 Ne5 18. Be2 g5 19. h4 Kg7 20. hxg5
hxg5 21. Rh5 Kg6 22. Rdh1 Rg8 23. Rh6+ Kf7 24. R1h5 Nc4 25. Bxc4 dxc4 26. Rh7+
Kg6 27. R5h6+ Kf5 28. g4+ Ke5 29. Re7 1-0

[Event "NB II. Erkel csoport"]
[Site "Szada"]
[Date "2023.10.08"]
[Round "1.12"]
[White "Haaz, Gabor Istvan"]
[Black "Farkas, Sara"]
[Result "1/2-1/2"]
[WhiteElo "1437"]
[BlackElo "1473"]
[PlyCount "83"]
[EventDate "2023.10.08"]
[EventType "team-tourn"]
[EventRounds "9"]
[EventCountry "HUN"]
[Source "chess.hu"]
[WhiteTeam "Godolloi SBE"]
[BlackTeam "Dunaharaszti MTK II."]
[WhiteTeamCountry "HUN"]
[BlackTeamCountry "HUN"]

1. e4 e6 2. d4 d5 3. exd5 exd5 4. Bd3 Nc6 5. c3 Bd6 6. h3 Be6 7. Nf3 f6 8. Qe2
Qe7 9. Be3 O-O-O 10. Nbd2 g5 11. Nb3 h5 12. h4 g4 13. Nfd2 Nh6 14. Bxh6 Rxh6
15. O-O-O Re8 16. Rde1 Bd7 17. Qxe7 Rxe7 18. Rxe7 Nxe7 19. Re1 Bf5 20. Bxf5+
Nxf5 21. g3 Rh8 22. Nf1 Kd7 23. Ne3 Nxe3 24. Rxe3 Re8 25. Rxe8 Kxe8 26. Kd2 f5
27. Ke3 f4+ 28. gxf4 Be7 29. Nc1 Bxh4 30. Ne2 Kf7 31. Ng3 Bxg3 32. fxg3 Kf6 33.
a4 b6 34. b3 c6 35. c4 a6 36. cxd5 cxd5 37. b4 Kf5 38. Kd3 h4 39. gxh4 Kxf4 40.
Ke2 g3 41. h5 Kg5 42. h6 1/2-1/2

[Event "NB II. Erkel csoport"]
[Site "Vac"]
[Date "2023.10.08"]
[Round "1.1"]
[White "Miszler, Levente"]
[Black "Gyenes, Mate"]
[Result "1/2-1/2"]
[WhiteElo "2307"]
[BlackElo "2112"]
[PlyCount "61"]
[EventDate "2023.10.08"]
[EventType "team-tourn"]
[EventRounds "9"]
[EventCountry "HUN"]
[Source "chess.hu"]
[WhiteTeam "EUTender-Sarkany DSE"]
[BlackTeam "Vaci SC"]
[WhiteTeamCountry "HUN"]
[BlackTeamCountry "HUN"]

1. d4 Nf6 2. c4 g6 3. Nc3 d5 4. Nf3 Bg7 5. Qb3 dxc4 6. Qxc4 Be6 7. Qd3 O-O 8.
e4 c5 9. d5 Bd7 10. Be3 Na6 11. h3 Qa5 12. Qd2 e6 13. Be2 exd5 14. exd5 b5 15.
Nxb5 Qxd2+ 16. Bxd2 Nxd5 17. O-O-O Rfe8 18. Be3 Be6 19. Nd6 Nxe3 20. fxe3 Nb4
21. Nxe8 Nxa2+ 22. Kb1 Rxe8 23. Ng5 Bb3 24. Rd7 h6 25. Bd1 Bc4 26. Nf3 Rb8 27.
b3 Nc3+ 28. Kc1 Na2+ 29. Kb1 Nc3+ 30. Kc1 Na2+ 31. Kb1 1/2-1/2

[Event "NB II. Erkel csoport"]
[Site "Vac"]
[Date "2023.10.08"]
[Round "1.2"]
[White "Mirza, Solyom"]
[Black "Dudas, Janos"]
[Result "1/2-1/2"]
[WhiteElo "2068"]
[BlackElo "2332"]
[PlyCount "61"]
[EventDate "2023.10.08"]
[EventType "team-tourn"]
[EventRounds "9"]
[EventCountry "HUN"]
[Source "chess.hu"]
[WhiteTeam "Vaci SC"]
[BlackTeam "EUTender-Sarkany DSE"]
[WhiteTeamCountry "HUN"]
[BlackTeamCountry "HUN"]

1. e4 c5 2. f4 Nc6 3. Nc3 g6 4. Nf3 Bg7 5. Bb5 Nd4 6. Bd3 d6 7. h3 e6 8. O-O
Ne7 9. Kh2 O-O 10. Qe1 Nec6 11. Nxd4 Nxd4 12. Ne2 c4 13. Nxd4 cxd3 14. Nf3 dxc2
15. d4 Qb6 16. e5 Bd7 17. Qe3 Bc6 18. Nd2 dxe5 19. fxe5 Rad8 20. Nb3 Bd5 21.
Nc5 f6 22. Bd2 Qxb2 23. Nxe6 Bxe6 24. exf6 Rxf6 25. Rxf6 Bxf6 26. Qxe6+ Kg7 27.
Rf1 Qxd4 28. Rxf6 Qxd2 29. Rf7+ Kh6 30. Rxh7+ Kxh7 31. Qe7+ 1/2-1/2

[Event "NB II. Erkel csoport"]
[Site "Vac"]
[Date "2023.10.08"]
[Round "1.3"]
[White "Szieberth, Adam"]
[Black "Trajber, Daniel"]
[Result "1/2-1/2"]
[WhiteElo "2266"]
[BlackElo "2066"]
[PlyCount "130"]
[EventDate "2023.10.08"]
[EventType "team-tourn"]
[EventRounds "9"]
[EventCountry "HUN"]
[Source "chess.hu"]
[WhiteTeam "EUTender-Sarkany DSE"]
[BlackTeam "Vaci SC"]
[WhiteTeamCountry "HUN"]
[BlackTeamCountry "HUN"]

1. e4 c5 2. Nf3 Nc6 3. d4 cxd4 4. Nxd4 Nf6 5. Nc3 e5 6. Nf5 d5 7. exd5 Bxf5 8.
dxc6 Qxd1+ 9. Nxd1 bxc6 10. Ne3 Be6 11. Ba6 Rb8 12. O-O Bc5 13. b3 Bd4 14. Rb1
Ne4 15. Nd1 O-O 16. Re1 f5 17. Be3 Bd5 18. f3 Nd2 19. Rc1 Bxf3 20. Nf2 Bc3 21.
Bxd2 Bxd2 22. gxf3 Bxc1 23. Rxc1 Kf7 24. Nd3 Rfe8 25. Re1 Kf6 26. Kf2 Rbd8 27.
a4 e4 28. fxe4 Rxe4 29. Bb7 Rd6 30. a5 Rh4 31. Kg2 c5 32. Nxc5 Rd2+ 33. Kg3
Rg4+ 34. Kf3 Rxc2 35. Nd7+ Kg5 36. Ne5 Rc3+ 37. Re3 Rf4+ 38. Ke2 Rxe3+ 39. Kxe3
Rb4 40. a6 f4+ 41. Kd2 Rxb3 42. Nc6 f3 43. Nd4 f2 44. Ke2 Rb2+ 45. Kf1 Kf4 46.
Kg2 Ke3 47. Nf5+ Ke2 48. Nd4+ Ke1 49. Nf3+ Ke2 50. Nd4+ Kd3 51. Nf5 g6 52. Ng3
f1=Q+ 53. Kxf1 Rxh2 54. Ne4 Ra2 55. Nd6 Kd4 56. Nb5+ Kc5 57. Nxa7 Kb6 58. Nc8+
Kc7 59. Ne7 g5 60. Nd5+ Kd6 61. Nc3 Ra1+ 62. Kf2 Kc7 63. Nd5+ Kb8 64. Nf6 h6
65. Ke3 Ka7 1/2-1/2

[Event "NB II. Erkel csoport"]
[Site "Vac"]
[Date "2023.10.08"]
[Round "1.4"]
[White "Tornai, Imre"]
[Black "Lehmann, Zoltan"]
[Result "1/2-1/2"]
[WhiteElo "2043"]
[BlackElo "2268"]
[PlyCount "32"]
[EventDate "2023.10.08"]
[EventType "team-tourn"]
[EventRounds "9"]
[EventCountry "HUN"]
[Source "chess.hu"]
[WhiteTeam "Vaci SC"]
[BlackTeam "EUTender-Sarkany DSE"]
[WhiteTeamCountry "HUN"]
[BlackTeamCountry "HUN"]

1. d4 e6 2. e4 d5 3. Nc3 Nf6 4. Bg5 Bb4 5. e5 h6 6. Bd2 Bxc3 7. bxc3 Ne4 8. Bd3
Nxd2 9. Qxd2 c5 10. dxc5 Qa5 11. c4 Qxd2+ 12. Kxd2 dxc4 13. Bxc4 Ke7 14. Nf3
Nd7 15. c6 bxc6 16. Rab1 Nb6 1/2-1/2

[Event "NB II. Erkel csoport"]
[Site "Vac"]
[Date "2023.10.08"]
[Round "1.5"]
[White "Pasztor, Ferenc"]
[Black "Trajber, Csaba Dr"]
[Result "1-0"]
[WhiteElo "2103"]
[BlackElo "1976"]
[PlyCount "75"]
[EventDate "2023.10.08"]
[EventType "team-tourn"]
[EventRounds "9"]
[EventCountry "HUN"]
[Source "chess.hu"]
[WhiteTeam "EUTender-Sarkany DSE"]
[BlackTeam "Vaci SC"]
[WhiteTeamCountry "HUN"]
[BlackTeamCountry "HUN"]

1. c4 e5 2. Nc3 Nf6 3. g3 Bb4 4. Bg2 O-O 5. Nd5 Nxd5 6. cxd5 c6 7. Qb3 Qe7 8.
Nf3 a5 9. O-O cxd5 10. Qxd5 Nc6 11. d3 d6 12. Bg5 Qe6 13. Nd2 Nd4 14. Rae1 h6
15. Be3 Nc2 16. Rd1 Nxe3 17. fxe3 Bc5 18. Nc4 Qe7 19. d4 Be6 20. Qxb7 Qxb7 21.
Bxb7 Bxc4 22. Bxa8 Bxe2 23. dxc5 Rxa8 24. Rxd6 Bxf1 25. Kxf1 Kf8 26. Ke2 Ke7
27. Kd3 Rb8 28. b3 f5 29. Ra6 Rd8+ 30. Kc4 g5 31. Rxh6 f4 32. gxf4 gxf4 33.
exf4 exf4 34. Rh3 Ke6 35. Kb5 Kf5 36. Kxa5 Ra8+ 37. Kb6 Rxa2 38. c6 1-0

[Event "NB II. Erkel csoport"]
[Site "Vac"]
[Date "2023.10.08"]
[Round "1.6"]
[White "Veres, Istvan"]
[Black "Vasyliv, Stanislav"]
[Result "0-1"]
[WhiteElo "1977"]
[BlackElo "2178"]
[PlyCount "68"]
[EventDate "2023.10.08"]
[EventType "team-tourn"]
[EventRounds "9"]
[EventCountry "HUN"]
[Source "chess.hu"]
[WhiteTeam "Vaci SC"]
[BlackTeam "EUTender-Sarkany DSE"]
[WhiteTeamCountry "HUN"]
[BlackTeamCountry "HUN"]

1. e4 c5 2. Nf3 d6 3. d4 cxd4 4. Nxd4 Nf6 5. Nc3 a6 6. Be2 e5 7. Nb3 Be6 8. O-O
Nbd7 9. Be3 Rc8 10. f3 Be7 11. a4 Nb6 12. Nd2 d5 13. exd5 Nbxd5 14. Nxd5 Nxd5
15. Bf2 Nf4 16. Re1 O-O 17. Bf1 Qd7 18. g3 Rfd8 19. Ne4 Qc6 20. Qc1 Nh3+ 21.
Bxh3 Bxh3 22. Qe3 Qxc2 23. Rac1 Qxa4 24. Rxc8 Rxc8 25. Nc3 Qc6 26. g4 h5 27.
gxh5 Bc5 28. Qe4 Bxf2+ 29. Kxf2 Qb6+ 30. Kg3 Qxb2 31. Ne2 Be6 32. Rb1 Qd2 33.
Rxb7 Bd5 34. Rd7 Qe1+ 0-1

[Event "NB II. Erkel csoport"]
[Site "Vac"]
[Date "2023.10.08"]
[Round "1.7"]
[White "Nadasi, Balazs"]
[Black "Imecs, Laszlo"]
[Result "1-0"]
[WhiteElo "2100"]
[BlackElo "2072"]
[PlyCount "63"]
[EventDate "2023.10.08"]
[EventType "team-tourn"]
[EventRounds "9"]
[EventCountry "HUN"]
[Source "chess.hu"]
[WhiteTeam "EUTender-Sarkany DSE"]
[BlackTeam "Vaci SC"]
[WhiteTeamCountry "HUN"]
[BlackTeamCountry "HUN"]

1. e4 c5 2. Nf3 a6 3. c4 Nc6 4. d4 cxd4 5. Nxd4 e5 6. Nf5 Bb4+ 7. Nc3 g6 8.
Nd6+ Kf8 9. Be2 Nd4 10. Nxc8 Rxc8 11. O-O Nxe2+ 12. Qxe2 Bxc3 13. bxc3 Qc7 14.
Ba3+ Kg7 15. c5 Nf6 16. Rab1 d5 17. cxd6 Qxc3 18. Rb3 Qc6 19. f4 Nxe4 20. fxe5
Rhe8 21. d7 Qxd7 22. Qxe4 b5 23. Rbf3 Rc4 24. Qe3 b4 25. Bc1 Kg8 26. Rxf7 Qxf7
27. Rxf7 Kxf7 28. Qf3+ Kg7 29. Qb7+ Kh8 30. Bh6 Rg8 31. Qf7 Rc6 32. e6 1-0

[Event "NB II. Erkel csoport"]
[Site "Vac"]
[Date "2023.10.08"]
[Round "1.8"]
[White "Slezak, Robert"]
[Black "Szabo, A. Martin"]
[Result "1/2-1/2"]
[WhiteElo "1987"]
[BlackElo "1865"]
[PlyCount "174"]
[EventDate "2023.10.08"]
[EventType "team-tourn"]
[EventRounds "9"]
[EventCountry "HUN"]
[Source "chess.hu"]
[WhiteTeam "Vaci SC"]
[BlackTeam "EUTender-Sarkany DSE"]
[WhiteTeamCountry "HUN"]
[BlackTeamCountry "HUN"]

1. e4 g6 2. d4 Bg7 3. Nc3 d6 4. Nf3 Nc6 5. h3 e5 6. Be3 exd4 7. Nxd4 Nf6 8.
Nxc6 bxc6 9. Be2 O-O 10. O-O Re8 11. Bf3 Nd7 12. Qd2 Ne5 13. Be2 Be6 14. b3 f5
15. Rad1 Nf7 16. exf5 Bxf5 17. Bd3 Qf6 18. Ne2 c5 19. Bb5 Re7 20. Bc6 Rf8 21.
Nf4 Be4 22. Bxe4 Rxe4 23. Nd5 Qd8 24. c4 Rfe8 25. Nc3 R4e6 26. Ne2 c6 27. Nf4
Re4 28. Rfe1 Qe7 29. Ne2 Bd4 30. Bxd4 cxd4 31. Kf1 c5 32. Ng3 Re5 33. Re2 Qh4
34. Rde1 Ng5 35. Qd3 Qf4 36. Rxe5 Rxe5 37. Qd1 h5 38. Ne2 Qf6 39. Nc1 Ne4 40.
Nd3 Nc3 41. Qd2 Rxe1+ 42. Qxe1 Kf7 43. Qd2 g5 44. a3 Qf5 45. b4 Kg6 46. bxc5
Ne4 47. Qd1 dxc5 48. g4 hxg4 49. hxg4 Qe6 50. Kg2 Nf6 51. f3 Nd7 52. Qc2 Kh6
53. Kf1 Kg7 54. Qa4 a6 55. Qc2 Kf6 56. Nf2 Kg7 57. Ne4 Qg6 58. Qb2 Qe6 59. Qc2
Ne5 60. Nxc5 Qc6 61. Ne4 Nxc4 62. Kf2 Qd5 63. Nxg5 d3 64. Qc3+ Kg6 65. Ne4 Kf7
66. Qf6+ Ke8 67. Qh8+ Ke7 68. Qg7+ Kd8 69. Qf8+ Kc7 70. Qc5+ Qxc5+ 71. Nxc5 d2
72. Ke2 Kd6 73. Nxa6 Kd5 74. Nb4+ Kd4 75. Na2 Ke5 76. a4 Kd4 77. g5 Ke5 78. Nc3
Kf5 79. Ne4 d1=Q+ 80. Kxd1 Nb2+ 81. Ke2 Nxa4 82. Kf2 Nb2 83. Kg3 Nd3 84. Kh4
Ne5 85. Kh5 Kf4 86. Nd2 Kf5 87. Kh6 Nf7+ 1/2-1/2

[Event "NB II. Erkel csoport"]
[Site "Vac"]
[Date "2023.10.08"]
[Round "1.9"]
[White "Varaljai, Istvan"]
[Black "Kiss, Pal Vac"]
[Result "1/2-1/2"]
[WhiteElo "1899"]
[BlackElo "1957"]
[PlyCount "146"]
[EventDate "2023.10.08"]
[EventType "team-tourn"]
[EventRounds "9"]
[EventCountry "HUN"]
[Source "chess.hu"]
[WhiteTeam "EUTender-Sarkany DSE"]
[BlackTeam "Vaci SC"]
[WhiteTeamCountry "HUN"]
[BlackTeamCountry "HUN"]

1. e4 e5 2. Nf3 Nc6 3. Bc4 Bc5 4. c3 Nf6 5. d4 exd4 6. cxd4 Bb4+ 7. Bd2 Bxd2+
8. Nbxd2 d5 9. exd5 Nxd5 10. O-O O-O 11. Rc1 Bg4 12. h3 Bh5 13. Re1 Nb6 14. Be2
Bg6 15. Nc4 Be4 16. b3 Nd5 17. Ncd2 Bg6 18. Nc4 Re8 19. Nce5 Nxe5 20. Nxe5 Qd6
21. Bf3 c6 22. Qd2 a5 23. Rc5 Nf6 24. Rec1 a4 25. Nc4 Qd8 26. Ne5 axb3 27. axb3
Be4 28. Qb4 Bxf3 29. Nxf3 Re7 30. Re5 Nd5 31. Qc5 f6 32. Ree1 Ra2 33. Qc4 Kf8
34. g3 Qd6 35. Rxe7 Qxe7 36. Re1 Qd7 37. Kg2 Qd6 38. Qd3 g6 39. h4 Kf7 40. h5
Qd7 41. Qe4 Ne7 42. Qf4 Nf5 43. g4 Qd6 44. hxg6+ hxg6 45. Qe4 Ng7 46. Rh1 g5
47. Rh6 Qf4 48. Qg6+ Kg8 49. Qxf6 Qxf6 50. Rxf6 Ra5 51. Rg6 Rb5 52. Nxg5 Kf8
53. f4 Rxb3 54. Rf6+ Kg8 55. f5 Ne8 56. Re6 Nc7 57. Rg6+ Kf8 58. Nh7+ Kf7 59.
g5 Nd5 60. Kf2 Nf4 61. Rf6+ Kg7 62. g6 Nh3+ 63. Ke1 Ng5 64. Rd6 Nxh7 65. Rd7+
Kf6 66. Rf7+ Kg5 67. g7 Re3+ 68. Kd2 Re8 69. Kd3 b5 70. Kc3 Rg8 71. Kb4 Nf6 72.
Kc5 Kxf5 73. Kxc6 Kg6 1/2-1/2

[Event "NB II. Erkel csoport"]
[Site "Vac"]
[Date "2023.10.08"]
[Round "1.10"]
[White "Torok, Tamas"]
[Black "Sass, Oscar"]
[Result "1/2-1/2"]
[WhiteElo "1872"]
[BlackElo "1792"]
[PlyCount "86"]
[EventDate "2023.10.08"]
[EventType "team-tourn"]
[EventRounds "9"]
[EventCountry "HUN"]
[Source "chess.hu"]
[WhiteTeam "Vaci SC"]
[BlackTeam "EUTender-Sarkany DSE"]
[WhiteTeamCountry "HUN"]
[BlackTeamCountry "HUN"]

1. Nf3 d5 2. d4 Nf6 3. Bf4 e6 4. e3 c5 5. c3 Nc6 6. Nbd2 Bd6 7. Bg3 O-O 8. Bd3
Re8 9. O-O e5 10. dxe5 Nxe5 11. Nxe5 Bxe5 12. Nf3 Bxg3 13. hxg3 Bg4 14. Qc2 Qd6
15. Bf5 Bxf3 16. gxf3 g6 17. Bh3 Rad8 18. Rad1 Qb6 19. Kg2 Rd6 20. Rd2 Red8 21.
Rfd1 Kg7 22. Qa4 a6 23. Qf4 Ne8 24. Rh1 d4 25. cxd4 cxd4 26. exd4 Rxd4 27. Qe3
Qf6 28. Rxd4 Qxd4 29. Re1 Qxb2 30. Re2 Qf6 31. Qb3 b5 32. a4 Nc7 33. Rc2 bxa4
34. Qxa4 Nb5 35. Rc8 Rd2 36. Qb4 Qd6 37. Qe4 Qd4 38. Qxd4+ Nxd4 39. Ra8 Ra2 40.
Bd7 a5 41. Ra7 Kf6 42. g4 Nb3 43. Bb5 Nd2 1/2-1/2

[Event "NB II. Erkel csoport"]
[Site "Vac"]
[Date "2023.10.08"]
[Round "1.11"]
[White "Benko, Csanad Botond"]
[Black "Harkai, Emma"]
[Result "1-0"]
[WhiteElo "1612"]
[BlackElo "1817"]
[PlyCount "141"]
[EventDate "2023.10.08"]
[EventType "team-tourn"]
[EventRounds "9"]
[EventCountry "HUN"]
[Source "chess.hu"]
[WhiteTeam "EUTender-Sarkany DSE"]
[BlackTeam "Vaci SC"]
[WhiteTeamCountry "HUN"]
[BlackTeamCountry "HUN"]

1. d4 d5 2. c4 e6 3. Nc3 Be7 4. Nf3 Nf6 5. Bg5 h6 6. Bh4 O-O 7. e3 b6 8. cxd5
exd5 9. Rc1 Bf5 10. Bd3 Bxd3 11. Qxd3 Nbd7 12. O-O c6 13. Bg3 Nh5 14. Be5 Nxe5
15. Nxe5 Qd6 16. Rfd1 Nf6 17. Qf5 Rac8 18. Nb5 Qb4 19. Nxa7 Rc7 20. Naxc6 Qxb2
21. Rc2 Qa3 22. Rdc1 Bd6 23. Rc3 Qxa2 24. Nb4 Qa5 25. Rxc7 Bxc7 26. Nec6 Qa3
27. Rb1 Bd6 28. Nxd5 Nxd5 29. Qxd5 Rc8 30. g3 Bf8 31. Rxb6 Qc1+ 32. Kg2 Qc2 33.
Ne5 Qf5 34. Rb7 Qe6 35. Qb5 f6 36. Rb6 Qe7 37. Qd5+ Kh7 38. Qe4+ Kg8 39. Qf5
Re8 40. Ng6 Qc7 41. Qd5+ Kh7 42. Nxf8+ Rxf8 43. Rb7 Qc2 44. e4 Re8 45. Qf5+ Kh8
46. d5 Qxe4+ 47. Qxe4 Rxe4 48. d6 Rd4 49. d7 Kh7 50. f4 f5 51. Kh3 Kg6 52. Kh4
Rd2 53. h3 Rd5 54. g4 Kf6 55. gxf5 Kxf5 56. Rb5 Rxb5 57. d8=Q Rb2 58. Qd5+ Kg6
59. Qe4+ Kf7 60. f5 Rf2 61. Qe6+ Kf8 62. Qc8+ Kf7 63. Qb7+ Kg8 64. Qb8+ Kh7 65.
Qe5 Rf1 66. Qe4 Kh8 67. Kh5 Rg1 68. h4 Kg8 69. f6 gxf6 70. Kxh6 Kh8 71. Qh7#
1-0